| 000 | 00350nam a2200133Ia 4500 | ||
|---|---|---|---|
| 008 | 220405s9999||||xx |||||||||||||| ||und|| | ||
| 082 | _a894.8143 LAN | ||
| 100 | _aLankesh, P. | ||
| 245 | 0 | _aKallu karaguva samaya | |
| 260 |
_aLankesh Pathrike _bBangalore _c2015 |
||
| 300 |
_a160p. _bRs.150 |
||
| 650 | _aGENERAL BOOKS | ||
| 942 | _cSpecial Collection | ||
| 999 |
_c189637 _d189637 |
||